TORRES STRAIT QUIZ - Statistics

General Stats
  • This quiz has been taken 6 times
  • The average score is 7 of 10
Answer Stats
Question Answer % Correct
Which two countries share the Torres Strait? AUSTRALIA AND PAPUA NEW GUINEA
100%
The country to the south has a designation. What is it? CAPE YORK PENINSULA
100%
What is the distance between the two countries? NINETY-THREE MILES (150 km)
67%
Using your knowledge of cardinal directions... which country is north of the Torres Strait? Papua New Guinea
67%
The islands that interfere with a good smooth flow of water in the strait are known as? TORRES STRAIT ISLANDS
67%
The country to the north has a designation. What is it? WESTERN PROVINCE
67%
The flag of these islands feature blue for water, black for the igneous people, a five pointed star to represent all three islands and a glaringly obvious symbol. That symbol represents? DHARI
50%
Who was the first European to find himself there? Luis Vaz de Torres
50%
What year did she find herself there? SIXTEEN OH SIX
50%
The Torres Strait was claimed by abalone fishermen from Andalusia, pirates from Pennsylvania, Tasmanians from Taiwan. What did they all call the strait when they were muff diving? ZENADH KES
50%
No matching quizzes found
Score Distribution
Percent of People with Each Score
Percentile by Number Answered
Your Score History
You have not taken this quiz